Online
Catalog
Normal view MARC view

Entry Nombre personal

Number of records used in: 13

001 - NÚMERO DE CONTROL

  • campo de control: 29482

003 - IDENTIFICADOR DEL NÚMERO DE CONTROL

  • campo de control: BNPHU

005 - FECHA Y HORA DE LA ÚLTIMA TRANSACCIÓN

  • campo de control: 20240301141334.0

008 - DATOS DE LONGITUD FIJA

  • campo de control de longitud fija: 200615|| aca||aabn | a|a d

040 ## - FUENTE DE LA CATALOGACIÓN

  • Centro catalogador/agencia de origen: DO-SdBNP
  • Lengua de catalogación: spa
  • Centro/agencia transcriptor: BNPHU
  • Normas de descripción: rda

100 1# - ENCABEZAMIENTO-NOMBRE DE PERSONA

  • Nombre de persona: Bidó, Cándido,
  • Fechas asociadas al nombre: 1936-2011

370 ## - LUGAR ASOCIADO

  • Lugar de nacimiento: Bonao (República Dominicana)

374 ## - OCUPACIÓN

  • Ocupación: Pintor

375 ## - GÉNERO/SEXO

  • Género/Sexo: Masculino

400 1# - TRAZADO DE VÉASE--NOMBRE DE PERSONA

  • Nombre de persona: C. Bidó

670 ## - FUENTE DE DATOS ENCONTRADOS

  • Cita de la fuente: Work cat.: (OSt)12363: Reyes Sánchez, Miguel, 1966- 2285, Travesías de un navegante /, 1996.

670 ## - FUENTE DE DATOS ENCONTRADOS

  • Cita de la fuente: Tolentino, M. de. Cándido Bidó, 1980? (a.e.) |b t.p.
  • Información encontrada: (Cándido Bidó) p. 13 ( 5/20/1936 , Bonao, República Dominicana)

Powered by Koha